000
00318nam a22001337a 4500
008
170731b xxu||||| |||| 00| 0 eng d
020
_a
9780130910134
041
_a
eng
080
_2
4TH
_a
004
100
_a
32
101
_a
SHK
245
_a
ASSEMBLY LANGUAGE FOR INTEL-BASED COMPUTERS
_c
IRVINE,K.R
942
_2
udc
_c
BK
999
_c
22205
_d
22205